000 00334nam a2200133Ia 4500
008 240624s9999 xx 000 0 und d
041 _aeng
082 _a658 MAN
100 _aMANJUNATH V S
245 _aMANAGEMENT SCIENCE PERSPECTIVE TOWARDS I
260 _c2011
_aNew Delhi
_bPearson Education
300 _a476 : p.
365 _cRS
999 _c17312
_d17312